[Event "36th Zalakaros Open 2017"]
[Site "Zalakaros HUN"]
[Date "2017.05.21"]
[Round "4.27"]
[White "Gara, Anita"]
[Black "Horvath, Adam1"]
[Result "1/2-1/2"]
[WhiteTitle "IM"]
[BlackTitle "GM"]
[WhiteElo "2373"]
[BlackElo "2469"]
[WhiteFideId "709751"]
[BlackFideId "708003"]
[EventDate "2017.05.18"]

1. e4 d5 2. exd5 Qxd5 3. Nc3 Qa5 4. Bc4 Nf6 5. d3 Bg4 6. Ne2 c6 7. f3 Bd7 8. Ng3
g6 9. Qe2 Bg7 10. O-O b5 11. Bb3 Na6 12. Bf4 O-O 13. Qxe7 Be6 14. Nce4 Nd5 15.
Bxd5 cxd5 16. Nf6+ Kh8 17. c3 b4 18. Be5 bxc3 19. Bxc3 Qb6+ 20. d4 Rfc8 21. Ng4
Rc7 22. Qg5 Bxd4+ 23. Kh1 Bxc3 24. bxc3 Bxg4 25. fxg4 Rd7 26. Rad1 Nc7 27. Qe5+
Kg8 28. Ne4 Ne8 29. Rxd5 Rc7 30. h3 Rac8 31. Rfd1 Qb7 32. g5 Re7 33. Qd4 Qb2 34.
Rd7 Rxd7 35. Qxd7 Ra8 36. Qd5 Rb8 37. c4 Qe2 38. Nf6+ Nxf6 39. gxf6 h5 40. c5
Rc8 41. Rc1 Qb2 42. Qg5 Rc6 43. Rf1 Qxa2 44. Kh2 Qb2 45. Qd5 Qb8+ 46. Kh1 Qc8
47. Rc1 a6 48. Qe5 Kh7 49. Qe7 Qe6 50. Rf1 Qc4 51. Rf3 Qe6 52. Qf8 Qe1+ 53. Kh2
Qe5+ 54. Kh1 Qe1+ 55. Kh2 Qe5+ 56. Kh1 Qe1+ 57. Kh2 1/2-1/2

[Event "36th Zalakaros Open 2017"]
[Site "Zalakaros HUN"]
[Date "2017.05.21"]
[Round "4.28"]
[White "Jarmula, Lukasz"]
[Black "Rudolf, Michal"]
[Result "1/2-1/2"]
[WhiteTitle "IM"]
[BlackTitle "FM"]
[WhiteElo "2469"]
[BlackElo "2340"]
[WhiteFideId "1160664"]
[BlackFideId "1106210"]
[EventDate "2017.05.18"]

1. e4 e6 2. d4 d5 3. Nd2 Nc6 4. Ngf3 Nf6 5. e5 Nd7 6. Nb3 a5 7. a4 b6 8. c3 Be7
9. Be2 Ba6 10. Bxa6 Rxa6 11. O-O O-O 12. Qe2 Ra7 13. h4 Bxh4 14. g3 Be7 15. Kg2
Re8 16. Rh1 f5 17. exf6 Bxf6 18. Bf4 Nf8 19. Nc1 Ne7 20. Nd3 Neg6 21. Be5 c6 22.
Rh5 Qe7 23. Qe3 Rb7 24. Rah1 c5 25. Nf4 Nxf4+ 26. Qxf4 Qf7 27. Qe3 cxd4 28. cxd4
Qg6 29. Bxf6 gxf6 30. Rh6 Qg7 31. Qf4 Ng6 32. Qe3 Nf8 33. Nh2 e5 34. Rh5 Ng6 35.
Kf1 Qd7 36. Qf3 e4 37. Qf5 Qxa4 38. Qxd5+ Kf8 39. Qd6+ Kg8 40. Qd5+ Kf8 41. Qxb7
Qd1+ 42. Kg2 Qxh5 43. Qxb6 Qg5 44. Qc5+ Qxc5 45. dxc5 Ne5 46. Nf1 Rb8 47. Rxh7
Rxb2 48. Rh4 Nd3 49. Rxe4 Rxf2+ 50. Kg1 Rc2 51. Ne3 Rxc5 52. Rd4 Ne5 53. Rd6 Kf7
54. Ra6 Kg6 55. Kf2 Kg5 56. Ke2 Rb5 57. Ra7 Rb2+ 58. Kf1 Ra2 59. Rg7+ Ng6 60.
Nd5 Kh6 61. Ra7 Kg5 62. Rg7 Kh6 63. Ra7 Kg5 1/2-1/2

[Event "36th Zalakaros Open 2017"]
[Site "Zalakaros HUN"]
[Date "2017.05.21"]
[Round "4.29"]
[White "Paszewski, Mateusz"]
[Black "Livaic, Leon"]
[Result "0-1"]
[WhiteTitle "FM"]
[BlackTitle "IM"]
[WhiteElo "2327"]
[BlackElo "2464"]
[WhiteFideId "1141058"]
[BlackFideId "14531534"]
[EventDate "2017.05.18"]

1. e4 c5 2. Nf3 d6 3. Bb5+ Nd7 4. O-O a6 5. Bd3 Ngf6 6. Re1 e6 7. c3 b5 8. Bc2
c4 9. d4 cxd3 10. Bxd3 Bb7 11. Bg5 Be7 12. Nbd2 O-O 13. Bc2 h6 14. Bh4 e5 15.
Nf1 Nc5 16. N3d2 Nh7 17. Bxe7 Qxe7 18. Ne3 g6 19. f3 Nf6 20. Nb3 Rac8 21. Qd2
Kg7 22. Rad1 Rfd8 23. Na5 Ba8 24. b4 Ne6 25. Bb3 Nf4 26. Bd5 Qc7 27. Bxa8 Rxa8
28. g3 Ne6 29. Nd5 Nxd5 30. exd5 Ng5 31. Rf1 f5 32. h4 Nh7 33. f4 Nf6 34. Nc6
Re8 35. a4 Qb6+ 36. Kg2 exf4 37. Rxf4 Ng4 38. a5 Qe3 39. Nd4 Qxd2+ 40. Rxd2 Re5
41. Nc6 Re1 42. Rf3 Rae8 43. Nd4 R8e5 44. Rfd3 Kf6 45. Nc6 Re8 46. Rd4 Rc1 47.
c4 bxc4 48. b5 c3 49. Ra2 c2 0-1

[Event "36th Zalakaros Open 2017"]
[Site "Zalakaros HUN"]
[Date "2017.05.21"]
[Round "4.30"]
[White "Bagi, Mate"]
[Black "Cebalo, Miso"]
[Result "1/2-1/2"]
[WhiteTitle "IM"]
[BlackTitle "GM"]
[WhiteElo "2455"]
[BlackElo "2320"]
[WhiteFideId "742570"]
[BlackFideId "14500094"]
[EventDate "2017.05.18"]

1. e4 c5 2. Nf3 d6 3. d4 cxd4 4. Nxd4 Nf6 5. Nc3 g6 6. Be3 Bg7 7. f3 Nc6 8. Qd2
O-O 9. g4 Be6 10. Nxe6 fxe6 11. O-O-O Qc8 12. h4 Ne5 13. Be2 Nc4 14. Bxc4 Qxc4
15. Bh6 b5 16. Bxg7 Kxg7 17. h5 b4 18. hxg6 hxg6 19. e5 bxc3 20. Qh6+ Kf7 21.
exf6 Kxf6 22. Qh4+ Kf7 23. Qh7+ Ke8 24. Qxg6+ Kd7 25. Qd3 Qf4+ 26. Kb1 Qxf3 27.
Qb5+ Qc6 28. Qxc6+ Kxc6 29. bxc3 Rab8+ 30. Kc1 Rb5 31. Rd4 Rf3 32. Rc4+ Kd7 33.
Rg1 Rg5 34. Rg2 Ke8 35. Kd2 Kf7 36. Ke2 Rf6 37. Rh2 Re5+ 38. Kd2 Rd5+ 39. Ke2
Re5+ 1/2-1/2

[Event "36th Zalakaros Open 2017"]
[Site "Zalakaros HUN"]
[Date "2017.05.21"]
[Round "4.31"]
[White "Gazik, Viktor"]
[Black "Pacan-Milej, Kosma"]
[Result "1-0"]
[WhiteTitle "IM"]
[BlackTitle "FM"]
[WhiteElo "2449"]
[BlackElo "2317"]
[WhiteFideId "14928752"]
[BlackFideId "21800537"]
[EventDate "2017.05.18"]

1. Nf3 Nf6 2. g3 b5 3. Bg2 Bb7 4. O-O e6 5. c3 c5 6. a4 b4 7. d3 d5 8. cxb4 cxb4
9. Nbd2 Be7 10. Ne5 O-O 11. Ndf3 Nbd7 12. Bf4 Rc8 13. a5 Nxe5 14. Nxe5 Nd7 15.
Qb3 Nxe5 16. Bxe5 Qd7 17. Bd4 Ba6 18. f4 Qc7 19. Bf3 Qc2 20. Qxc2 Rxc2 21. Rfc1
Rfc8 22. Rxc2 Rxc2 23. b3 Rc7 24. Kf2 g6 25. Ke3 Bb5 26. a6 Rc6 27. Ra5 Bxa6 28.
Bxa7 Kf8 29. Bd4 Ke8 30. g4 Kd7 31. g5 Bb7 32. Ra7 Kc8 33. Ra1 Rc2 34. h4 Bd6
35. h5 Kd7 36. Ra7 Kc8 37. Ra1 Kd7 38. Bg4 Kc8 39. Rh1 Bc6 40. Ra1 Bb7 41. Bf3
Kd7 42. Bg2 Kc8 43. hxg6 hxg6 44. Bh3 Kd7 45. Bg4 Kc8 46. Kf3 Kd7 47. Kg3 Kc8
48. Be5 Be7 49. Rh1 Kd7 50. Rh7 Ke8 51. Bf6 Bc8 52. Rh8+ Kd7 53. Rh7 Ke8 54.
Rh8+ Kd7 55. Bxe6+ Kxe6 56. Re8 Rc7 57. Bxe7 Kd7 58. Bd8 Rc2 59. Rf8 Rxe2 60.
Ba5 Re8 61. Rxf7+ Kc6 62. Bxb4 Re3+ 63. Kf2 Rxd3 64. Rf6+ Kd7 65. Rxg6 Rxb3 66.
Bc5 Rc3 67. Bd4 Rc6 68. Rg8 Ke7 69. g6 Be6 70. Rh8 Rc8 71. g7 Bg8 72. Ke3 Kf7
73. Rh6 Re8+ 74. Be5 Re6 75. Rh5 Re8 76. Rf5+ Ke7 77. Rf8 Kd7 78. Kd4 Bh7 79. f5 1-0

[Event "36th Zalakaros Open 2017"]
[Site "Zalakaros HUN"]
[Date "2017.05.21"]
[Round "4.32"]
[White "Shvayger, Yuliya"]
[Black "Secheres, Adrian-Simion"]
[Result "1-0"]
[WhiteTitle "WGM"]
[BlackTitle "FM"]
[WhiteElo "2423"]
[BlackElo "2309"]
[WhiteFideId "14100126"]
[BlackFideId "1217445"]
[EventDate "2017.05.18"]

1. e4 e6 2. d4 d5 3. Nd2 c5 4. exd5 Qxd5 5. dxc5 Nf6 6. Ngf3 Qxc5 7. Bd3 Nbd7 8.
O-O Qc7 9. Re1 Nc5 10. Bf1 Be7 11. c4 O-O 12. b4 Ncd7 13. a3 a5 14. Rb1 b6 15.
Qb3 Bb7 16. Bb2 Rfd8 17. Bc3 axb4 18. axb4 Nf8 19. Be5 Bd6 20. Qc3 Bxe5 21. Nxe5
Ra2 22. Rbd1 Ng6 23. Ndf3 Ne4 24. Qe3 Nxe5 25. Nxe5 Nxf2 26. Rxd8+ Qxd8 27. c5
bxc5 28. bxc5 Qd5 29. c6 Bxc6 30. Nxc6 Qxc6 31. Rc1 Qa8 32. Qf3 Qd8 33. Be2 Nh3+
34. Qxh3 Rxe2 35. Qd3 1-0

[Event "36th Zalakaros Open 2017"]
[Site "Zalakaros HUN"]
[Date "2017.05.21"]
[Round "4.33"]
[White "Beletic, Daniel"]
[Black "Ikeda, Junta"]
[Result "1/2-1/2"]
[WhiteTitle "FM"]
[BlackTitle "IM"]
[WhiteElo "2315"]
[BlackElo "2412"]
[WhiteFideId "14602709"]
[BlackFideId "3204731"]
[EventDate "2017.05.18"]

1. Nf3 Nf6 2. c4 e6 3. g3 a6 4. Nc3 d5 5. cxd5 exd5 6. d4 Bd6 7. Bg2 O-O 8. O-O
Re8 9. Ne5 c6 10. Bf4 Bc7 11. Rc1 Re7 12. Bg5 Nbd7 13. f4 Bb6 14. Kh1 Re8 15. e3
Nf8 16. Qb3 h6 17. Bxf6 gxf6 18. Na4 Ba7 19. Nf3 Qe7 20. Rfe1 Rb8 21. Nc3 Ne6
22. Re2 Nc7 23. e4 dxe4 24. Nxe4 Be6 25. Qc2 f5 26. Nc5 Qf6 27. Ne5 Bxc5 28.
dxc5 Red8 29. Rce1 Nb5 30. Re3 Rd4 31. a4 Nc7 32. b3 Nd5 33. Bxd5 Bxd5+ 34. Kg1
Rd8 35. Qc3 Re4 36. Rd1 Rxe3 37. Qxe3 Kg7 38. b4 Be4 39. Rd4 Qe7 40. Qd2 Bd5 41.
Nc4 Re8 42. Nd6 Qe1+ 43. Qxe1 Rxe1+ 44. Kf2 Rh1 45. Nxb7 Rxh2+ 46. Ke3 Bb3 47.
Nd6 Bxa4 48. Nxf5+ Kh7 49. Rd7 Rb2 50. Rxf7+ Kg6 51. Nd6 Rb3+ 52. Kd4 Rxg3 53.
f5+ Kh5 54. Ne4 Rb3 55. Rg7 Rxb4+ 56. Ke5 Bb3 57. Rg1 Bc2 58. Nf6+ Kh4 59. Rh1+
Kg3 60. Rxh6 Rc4 61. Nd7 Re4+ 62. Kf6 Rd4 63. Ke6 Rd5 64. Ne5 Bxf5+ 65. Kxf5
Rxc5 66. Rg6+ Kf2 67. Ke4 Rc2 68. Ng4+ Ke1 69. Ne3 Re2 70. Rxc6 Kf2 71. Rf6+ Kg3
72. Rg6+ Kf2 73. Rf6+ Ke1 74. Rxa6 Kf2 75. Rf6+ Ke1 76. Rh6 Kd2 77. Rh3 Kc3 78.
Rh1 Rd2 79. Rc1+ Kb4 80. Nf5 Rd8 81. Nd4 Rd7 82. Kd3 Rh7 83. Rc4+ Ka5 84. Rc5+
Kb6 85. Rc6+ Kb7 86. Kc4 Rc7 1/2-1/2

[Event "36th Zalakaros Open 2017"]
[Site "Zalakaros HUN"]
[Date "2017.05.21"]
[Round "4.34"]
[White "Horvath, Dominik"]
[Black "Kozak, Adam"]
[Result "1/2-1/2"]
[WhiteTitle "FM"]
[BlackTitle "FM"]
[WhiteElo "2275"]
[BlackElo "2411"]
[WhiteFideId "1642561"]
[BlackFideId "753246"]
[EventDate "2017.05.18"]

1. d4 Nf6 2. Nf3 d5 3. c4 e6 4. Nc3 Nbd7 5. Bf4 dxc4 6. e3 Nd5 7. Bxc4 Nxf4 8.
exf4 Nb6 9. Bb3 g6 10. O-O Bg7 11. Ne5 O-O 12. Re1 c6 13. Rc1 a5 14. Na4 Nxa4
15. Bxa4 Qb6 16. Re2 Rd8 17. Rd2 Bd7 18. Qb3 Qa7 19. Qe3 Be8 20. h4 h5 21. a3
Rd6 22. Bb3 Rad8 23. Rcd1 Kf8 24. Kh2 Bf6 25. g3 Kg7 26. Ba2 a4 27. Kh3 b5 28.
Kh2 Qb6 29. Qc3 Qa7 30. Qe3 Qb8 31. Qc3 Qb6 32. Kg2 Qa7 33. Kh2 Qb6 1/2-1/2

[Event "36th Zalakaros Open 2017"]
[Site "Zalakaros HUN"]
[Date "2017.05.21"]
[Round "4.35"]
[White "Frolov, Artur"]
[Black "Rahul, Srivatshav P"]
[Result "1/2-1/2"]
[WhiteTitle "IM"]
[WhiteElo "2410"]
[BlackElo "2303"]
[WhiteFideId "14100134"]
[BlackFideId "25059653"]
[EventDate "2017.05.18"]

1. e4 c5 2. Nf3 e6 3. d4 cxd4 4. Nxd4 Nc6 5. Nc3 Qc7 6. Be3 a6 7. f3 Nf6 8. Qd2
b5 9. Nxc6 dxc6 10. g4 e5 11. g5 Nh5 12. O-O-O Be7 13. Qf2 O-O 14. h4 a5 15. a4
b4 16. Nb1 Nf4 17. Nd2 c5 18. Bc4 Kh8 19. b3 f6 20. Bxf4 exf4 21. Bd5 Rb8 22.
Nc4 Ba6 23. Kb1 Bxc4 24. Bxc4 Rbd8 25. Rd5 Rxd5 26. exd5 fxg5 27. hxg5 Bxg5 28.
Bd3 h6 29. Qe2 Qe7 30. Qe6 Qxe6 31. dxe6 Rd8 32. Kc1 Kg8 33. Re1 Be7 34. Bg6 Rd5
35. Rd1 Rd6 36. Rxd6 Bxd6 37. Kd2 Kf8 38. Kd3 Ke7 39. Bf7 Kf6 40. Ke4 g6 41. Kd3 1/2-1/2

[Event "36th Zalakaros Open 2017"]
[Site "Zalakaros HUN"]
[Date "2017.05.21"]
[Round "4.37"]
[White "Studer, Noel"]
[Black "Rajdeep, Sarkar"]
[Result "1/2-1/2"]
[WhiteTitle "IM"]
[BlackTitle "FM"]
[WhiteElo "2498"]
[BlackElo "2312"]
[WhiteFideId "1319620"]
[BlackFideId "25007963"]
[EventDate "2017.05.18"]

1. e4 e5 2. Nf3 Nc6 3. Bc4 Nf6 4. d3 Be7 5. O-O O-O 6. Re1 d6 7. a4 h6 8. a5 a6
9. h3 Kh8 10. Nc3 Nh7 11. d4 Ng5 12. Bxg5 Bxg5 13. Nd5 exd4 14. Nxd4 Nxd4 15.
Qxd4 Be6 16. Ra3 Rb8 17. b4 Bxd5 18. Qxd5 c6 19. Qd1 Qe7 20. Rg3 Rfe8 21. Bd3 d5
22. c3 Rbd8 23. Qc2 Rd6 24. e5 Re6 25. Rf3 Qc7 26. c4 Rxe5 27. Rxe5 Rxe5 28.
cxd5 Rxd5 29. Bc4 Rd7 30. g3 Re7 1/2-1/2

[Event "36th Zalakaros Open 2017"]
[Site "Zalakaros HUN"]
[Date "2017.05.21"]
[Round "4.38"]
[White "Pultorak, Jan"]
[Black "Swayams, Mishra"]
[Result "0-1"]
[WhiteTitle "FM"]
[BlackTitle "IM"]
[WhiteElo "2303"]
[BlackElo "2448"]
[WhiteFideId "1176021"]
[BlackFideId "5028183"]
[EventDate "2017.05.18"]

1. d4 Nf6 2. c4 g6 3. Nc3 Bg7 4. e4 d6 5. Nf3 O-O 6. Be2 e5 7. O-O Nc6 8. d5 Ne7
9. b4 Nh5 10. Re1 f5 11. Ng5 Nf6 12. Bf3 c6 13. Be3 h6 14. Ne6 Bxe6 15. dxe6
fxe4 16. Nxe4 Nxe4 17. Bxe4 d5 18. cxd5 cxd5 19. Bc5 dxe4 20. Qxd8 Rfxd8 21.
Bxe7 Re8 22. Bh4 Rxe6 23. Rxe4 Rc8 24. h3 Rc2 25. a4 Rd6 26. Rae1 Rd4 27. Kf1
Rcc4 28. Rxd4 exd4 29. Be7 Kf7 30. Bd6 Bf8 31. Bxf8 Kxf8 32. Rb1 Ke7 33. Ke2 Kd6
34. Kd3 Kd5 35. Rb3 Rc1 36. h4 Ra1 37. a5 Ra2 38. Rb1 Rxf2 39. Rc1 Rxg2 40. Rc7
Rg3+ 41. Kd2 Rg2+ 42. Kd3 Rg3+ 43. Kd2 Rh3 44. Rxb7 Kc4 45. Rxa7 Rh2+ 46. Ke1
Rxh4 47. Rb7 Rh1+ 48. Kd2 Rh2+ 49. Ke1 Ra2 50. Rb6 h5 51. a6 h4 52. Rxg6 h3 53.
Rh6 h2 54. b5 Kxb5 55. a7 Rxa7 0-1

[Event "36th Zalakaros Open 2017"]
[Site "Zalakaros HUN"]
[Date "2017.05.21"]
[Round "4.39"]
[White "Juhasz, Armin"]
[Black "Gazik, Igor"]
[Result "1-0"]
[WhiteTitle "IM"]
[BlackTitle "IM"]
[WhiteElo "2410"]
[BlackElo "2292"]
[WhiteFideId "724270"]
[BlackFideId "14900149"]
[EventDate "2017.05.18"]

1. d4 g6 2. e4 Bg7 3. c4 d6 4. Nc3 Nd7 5. Be2 e5 6. Nf3 Ngf6 7. O-O O-O 8. Be3
exd4 9. Nxd4 Re8 10. f3 c6 11. Nc2 Ne5 12. Qd2 Be6 13. b3 d5 14. exd5 cxd5 15.
c5 a6 16. Rfe1 Qc7 17. Rac1 Rad8 18. Nd4 Bd7 19. Bf1 Neg4 20. fxg4 Nxg4 21. Bf4
Qxc5 22. Red1 Re1 23. Ne2 Rxd1 24. Rxc5 Rxd2 25. Bxd2 Nf6 26. Rc7 b6 27. Bg5 h6
28. Bf4 g5 29. Bd6 Bb5 30. Be7 Re8 31. Nxb5 axb5 32. Bxf6 Bxf6 33. Rd7 Re5 34.
g3 b4 35. Kg2 Be7 36. Nd4 Bc5 37. Nf3 Rf5 38. Bd3 Rf6 39. Rd8+ Kg7 40. Rxd5 Re6
41. Bc4 Re7 42. g4 Ra7 43. Rd2 Re7 44. h3 Kf6 45. Re2 Rd7 46. Nd2 Kg6 47. Ne4
Be7 48. Rd2 Ra7 49. Ng3 Bc5 50. Kf3 Rc7 51. Bd3+ Kg7 52. Be4 Ra7 53. Nf5+ Kg6
54. Bb1 Ra8 55. Rd7 Kf6 56. Nxh6 Rh8 57. Rxf7+ Ke6 58. Rh7 Rd8 59. Bf5+ Kf6 60.
Rf7+ Ke5 61. Rd7 Ra8 62. Rd2 Kf6 63. Re2 Kg7 64. Be4 Rd8 65. Nf5+ Kf6 66. Bc2
Rd7 67. Ng3 Kf7 68. Ne4 Be7 69. Rd2 Rc7 70. Bd3 Rc1 71. Bc4+ Ke8 72. Rd5 Rc2 73.
Nxg5 Rxa2 74. Bb5+ Kf8 75. Rf5+ Kg8 76. Bc4+ Kh8 77. Ne6 Rh2 78. Rh5+ Kg8 79.
Nf4+ Kg7 80. Nd5 Bc5 81. Nf4 Bd6 82. Rg5+ Kf8 83. Rg8+ Ke7 84. Nd5+ Kd7 85. Rh8
Kc6 86. Ne3 Bc5 87. g5 Bd4 88. Rh4 Be5 89. g6 b5 90. Bf7 Kd7 91. Ng4 1-0

[Event "36th Zalakaros Open 2017"]
[Site "Zalakaros HUN"]
[Date "2017.05.21"]
[Round "4.43"]
[White "Lazarne Vajda, Szidonia"]
[Black "Marosi, Levente"]
[Result "1/2-1/2"]
[WhiteTitle "IM"]
[BlackTitle "FM"]
[WhiteElo "2357"]
[BlackElo "2286"]
[WhiteFideId "723894"]
[BlackFideId "747181"]
[EventDate "2017.05.18"]

1. d4 Nf6 2. Nf3 e6 3. e3 c5 4. c4 b6 5. Nc3 Bb7 6. d5 exd5 7. cxd5 d6 8. Bc4 g6
9. O-O Bg7 10. e4 O-O 11. h3 a6 12. a4 Nbd7 13. Re1 Qe7 14. Bf4 Nh5 15. Bg5 Bf6
16. Bh6 Bg7 17. Qd2 Bxh6 18. Qxh6 Ne5 19. Be2 Nxf3+ 20. Bxf3 Nf6 21. Rad1 Rfe8
22. Re3 b5 23. axb5 axb5 24. Nxb5 Ba6 25. Nc3 Rab8 26. Rd2 Rb4 27. Be2 Bxe2 28.
Rdxe2 Qe5 29. Rd3 c4 30. Rdd2 Nh5 31. g3 Reb8 32. Qe3 g5 33. Qd4 f6 34. Qxe5
fxe5 35. Nd1 Nf6 36. f3 Nd7 37. Ne3 Nc5 38. Rc2 Nb3 39. Rxc4 Nd4 40. Rf2 Rxb2
41. Nc2 Rb1+ 42. Kg2 Rc1 43. Rb4 Rxb4 44. Nxb4 Rc3 45. h4 gxh4 46. gxh4 Kg7 47.
f4 exf4 48. Rxf4 h5 49. Kf2 Rb3 50. Nc6 Nxc6 51. dxc6 Rc3 52. Rf5 Rxc6 53. Rxh5
Rc3 54. Rg5+ Kh6 55. Rd5 Rh3 56. Rxd6+ Kg7 57. Rd7+ Kg6 58. Rd6+ Kg7 59. Rd5
Rxh4 60. Kf3 Kf6 61. Ke3 Ke6 62. Ra5 Rh1 63. Ra6+ Ke5 64. Ra5+ Ke6 65. Kd4 Rd1+
66. Ke3 Re1+ 67. Kf3 Rf1+ 68. Ke2 Rh1 69. Kf2 Rb1 70. Kf3 Rf1+ 71. Ke2 Rh1 72.
Kf2 Rb1 73. Kf3 Rf1+ 1/2-1/2

[Event "36th Zalakaros Open 2017"]
[Site "Zalakaros HUN"]
[Date "2017.05.21"]
[Round "4.48"]
[White "Hardicsay, Peter"]
[Black "Tate, Alan"]
[Result "0-1"]
[WhiteTitle "IM"]
[BlackTitle "FM"]
[WhiteElo "2218"]
[BlackElo "2320"]
[WhiteFideId "700622"]
[BlackFideId "2401878"]
[EventDate "2017.05.18"]

1. d4 d5 2. c4 c6 3. Nf3 e6 4. Qc2 Bd6 5. Bg5 Ne7 6. Nbd2 f5 7. g3 Nd7 8. Bf4
Nf6 9. Bxd6 Qxd6 10. Bg2 b6 11. O-O O-O 12. Rac1 Ne4 13. e3 Bb7 14. a3 a5 15.
Rfd1 Ng6 16. Ne1 Qe7 17. f4 Rfc8 18. Nxe4 dxe4 19. Qb3 Ra6 20. Bf1 a4 21. Qc3
Raa8 22. c5 b5 23. Nc2 Qf6 24. Nb4 Ne7 25. Qe1 h6 26. Rc2 Kh7 27. Rg2 Rg8 28.
Kh1 g5 29. Qf2 Raf8 30. Be2 Bc8 31. Rdg1 Bd7 32. Bd1 Be8 33. Be2 Rg7 34. Bd1
Rfg8 35. Be2 Ng6 36. Bd1 Kh8 37. Be2 Rh7 38. Bd1 Rhg7 39. Be2 Nf8 40. Bd1 Kh7
41. Be2 Ng6 42. Bd1 Rh8 43. Be2 Rf8 44. Bd1 Ne7 45. Be2 Kh8 46. Bd1 Bg6 47. Be2
Qf7 48. h4 gxh4 49. gxh4 Rgg8 50. Kh2 Bh5 51. Rxg8+ Rxg8 52. Rxg8+ Kxg8 53. Qg2+
Kf8 54. Kh3 Ke8 55. Kh2 Kd7 56. Kh3 Qe8 57. Kh2 Qf7 58. Kh3 Bxe2 59. Qxe2 Ng8
60. Nc2 Nf6 61. Nb4 Qg6 62. Qg2 Qg4+ 63. Qxg4 Nxg4 64. Nc2 Nf2+ 65. Kg3 Nd1 66.
h5 Nxb2 67. Kf2 Nc4 68. Ke2 Kc7 69. Kd1 Nb2+ 70. Kd2 Nd3 71. Ke2 Kb7 72. Kf1 Ka6
73. Ke2 Ka5 74. Kd2 b4 75. axb4+ Nxb4 76. Na3 Nd5 77. Nc4+ Kb5 78. Ne5 Nxe3 79.
Kc1 Ng2 0-1

[Event "36th Zalakaros Open 2017"]
[Site "Zalakaros HUN"]
[Date "2017.05.21"]
[Round "4.51"]
[White "Terbe, Julianna"]
[Black "Aczel, Gergely"]
[Result "0-1"]
[WhiteTitle "WFM"]
[BlackTitle "IM"]
[WhiteElo "2258"]
[BlackElo "2546"]
[WhiteFideId "708780"]
[BlackFideId "727709"]
[EventDate "2017.05.18"]

1. e4 c5 2. c3 d5 3. exd5 Qxd5 4. d4 e6 5. Nf3 Nf6 6. Na3 Nc6 7. Nb5 Qd8 8. dxc5
Bxc5 9. Qxd8+ Kxd8 10. Bf4 Ne4 11. Rd1+ Bd7 12. Ng5 Nxg5 13. Bxg5+ f6 14. Bc1
Ke7 15. b4 a6 16. Nc7 Rac8 17. Nxa6 Bd6 18. Nc5 Bxc5 19. bxc5 Ra8 20. Bc4 Ne5
21. Bb3 Bb5 22. Be3 Rhc8 23. Rd4 Nd3+ 24. Kd2 Nxc5 25. Kc2 Na4 26. Bxa4 Bxa4+
27. Kb2 Ra5 28. Rb4 Bc6 29. f3 e5 30. c4 Ke6 31. Bb6 Ra6 32. a3 Rca8 33. Ra1 g5
34. c5 h5 35. h3 h4 36. Rb3 Kf5 37. Rd3 Ra4 38. Re1 Bb5 39. Rb3 Bc6 40. Rd3 Rf4
41. Rd6 Rd4 42. Bc7 Raa4 43. Re2 Rxd6 44. cxd6 Rd4 45. Kc3 Ke6 46. Re3 Bb5 47.
Kc2 Bf1 48. Rb3 b5 49. Kc1 Bxg2 50. Rxb5 Bxf3 51. Rb8 Bc6 52. Rf8 g4 53. hxg4 h3
54. Rh8 Bg2 55. Rh7 Bc6 56. Re7+ Kd5 57. d7 Bxd7 58. Rxd7+ Ke4 59. Rh7 Kf4 60.
Bb6 Rc4+ 61. Kd2 Kg3 62. g5 fxg5 63. Rc7 Rxc7 64. Bxc7 Kf4 0-1

[Event "36th Zalakaros Open 2017"]
[Site "Zalakaros HUN"]
[Date "2017.05.21"]
[Round "4.55"]
[White "Injac, Teodora"]
[Black "Czupor, Attila"]
[Result "1-0"]
[WhiteTitle "WFM"]
[WhiteElo "2296"]
[BlackElo "2230"]
[WhiteFideId "932400"]
[BlackFideId "752495"]
[EventDate "2017.05.18"]

1. d4 d5 2. Nf3 Nf6 3. c4 c6 4. Nbd2 Bf5 5. Nh4 Be6 6. e3 g5 7. Nhf3 g4 8. Ne5
Nbd7 9. Nd3 Bf5 10. cxd5 cxd5 11. Nf4 e6 12. Bd3 Bxd3 13. Nxd3 Bd6 14. g3 h5 15.
h3 Ke7 16. h4 Qc7 17. Qe2 Ne4 18. Nxe4 dxe4 19. Nf4 Bxf4 20. exf4 Qa5+ 21. Bd2
Qd5 22. Bb4+ Kf6 23. O-O Rhc8 24. f5 Qxf5 25. Qe3 Nb6 26. Qh6+ Qg6 27. Qf4+ Kg7
28. Qe5+ Kh7 29. Rfe1 Nd5 30. Ba3 f5 31. Rac1 Qe8 32. b3 Rxc1 33. Rxc1 Rc8 34.
Rc5 b6 35. Rxd5 exd5 36. Qxf5+ Kg7 37. Bd6 Rc6 38. Be5+ Kg8 39. Qg5+ Qg6 40.
Qd8+ Kf7 41. Qxd5+ Re6 42. Bf4 Kg7 43. Qd7+ Qf7 44. Qd8 Re8 45. Qg5+ Qg6 46. Qb5
Re7 47. Kf1 Rf7 48. Ke2 Qf5 49. Qc6 Kh7 50. Ke3 Re7 51. d5 Rd7 52. d6 Kg8 53.
Qc4+ Kg7 54. Qxe4 Qxe4+ 55. Kxe4 Kf6 56. Kd5 Kf5 57. Bg5 a6 58. Be7 b5 59. b4
Ra7 60. Kc6 Ke6 61. Kb6 Rd7 62. Kxa6 Kd5 63. Kxb5 Rb7+ 64. Ka6 Kc6 65. b5+ Rxb5
66. d7 Rb7 67. d8=Q 1-0

[Event "36th Zalakaros Open 2017"]
[Site "Zalakaros HUN"]
[Date "2017.05.22"]
[Round "5.1"]
[White "Puranik, Abhimanyu"]
[Black "Nabaty, Tamir"]
[Result "1/2-1/2"]
[WhiteTitle "IM"]
[BlackTitle "GM"]
[WhiteElo "2459"]
[BlackElo "2640"]
[WhiteFideId "5061245"]
[BlackFideId "2809052"]
[EventDate "2017.05.18"]

1. e4 e5 2. Nf3 Nf6 3. Nxe5 d6 4. Nf3 Nxe4 5. Nc3 Nxc3 6. dxc3 Be7 7. Bf4 Nc6 8.
Qd2 Be6 9. Nd4 Nxd4 10. cxd4 c6 11. Bd3 O-O 12. c3 Re8 13. O-O Qd7 14. Qc2 g6
15. Rfe1 Bf6 16. a4 Bd5 17. Qd2 a5 18. Bg3 Kg7 19. h3 Bb3 20. Re3 Rxe3 21. fxe3
d5 22. e4 dxe4 23. Bxe4 Re8 24. Bc2 Bxc2 1/2-1/2

[Event "36th Zalakaros Open 2017"]
[Site "Zalakaros HUN"]
[Date "2017.05.22"]
[Round "5.2"]
[White "Banusz, Tamas"]
[Black "Mihok, Oliver"]
[Result "1/2-1/2"]
[WhiteTitle "GM"]
[BlackTitle "GM"]
[WhiteElo "2616"]
[BlackElo "2532"]
[WhiteFideId "722413"]
[BlackFideId "728012"]
[EventDate "2017.05.18"]

1. c4 c5 2. Nf3 Nc6 3. d4 cxd4 4. Nxd4 Qb6 5. Nb3 e6 6. a3 Nf6 7. Nc3 Be7 8. e4
O-O 9. Be2 Qc7 10. Be3 b6 11. Rc1 Bb7 12. f4 d6 13. O-O Rac8 14. Bf3 Qb8 15. Nd2
Na5 16. Be2 Rfd8 17. b4 Nc6 18. Bf3 Bf8 19. Qe2 Ne7 20. Nb3 Ba6 21. b5 Bb7 22.
Bf2 Ng6 23. g3 Qa8 24. a4 d5 25. cxd5 exd5 26. e5 Ne4 27. Bd4 Nxc3 28. Rxc3 Rxc3
29. Bxc3 d4 30. Bd2 d3 31. Qg2 Bxf3 32. Qxf3 Qc8 33. Rc1 Qf5 34. Kg2 h5 35. Rc4
Qe6 36. Rc3 Qf5 37. Rc4 Qe6 38. Rc3 Qf5 39. Rc6 Ne7 40. Rd6 Rxd6 41. exd6 Nc8
42. Nd4 Qd7 43. Qxh5 Nxd6 44. Qd5 Qe8 45. Kf3 Qc8 46. f5 Nc4 47. Bf4 d2 48. Ke2
Qe8+ 49. Ne6 Nb2 50. Kxd2 fxe6 51. Qb3 Nxa4 52. Qxa4 Qd7+ 53. Ke2 exf5 54. Qc4+
Kh7 55. Be3 Qe8 56. Qh4+ Kg8 57. Qc4+ Kh7 58. Qh4+ Kg8 1/2-1/2